[Event "BL 2016-17"]
[Site "Berlin"]
[Date "2017.04.30"]
[Round "14"]
[White "Braun, Arik"]
[Black "Raykhman, Alexander"]
[Result "1-0"]
[WhiteElo "2581"]
[BlackElo "2403"]
[Annotator "TA"]
[PlyCount "91"]
[EventDate "2017.??.??"]
[EventType "team-tourn"]
[EventCountry "GER"]
[SourceTitle "playchess.com"]
[Source "ChessBase"]
[SourceQuality "1"]
[WhiteTeam "Hockenheim"]
[BlackTeam "Schwäbisch Hall"]

{[%evp 26,91,53,19,106,93,86,68,62,55,100,72,67,54,115,104,198,85,133,88,94,82,82,82,101,84,106,87,134,107,263,165,404,397,379,368,310,304,301,296,297,291,375,377,438,442,441,430,439,427,806,366,608,717,1006,975,29974,29972,29978,29979,29977,29972,3758,3589,29990,29991,29991,29992]} 1. d4 Nf6 2. Nf3 g6 3. c4 Bg7 4. Nc3 d6 5. e4 O-O 6. h3 e5 7. d5 a5 8. g4 {[%cal Bg2g4,Bg4g5][%mdl 32]} Na6 9. Be3 Nc5 10. Nd2 c6 11. Be2 Bd7 12. g5 {E92: King's Indian: Classical: 6 Be2 e5: 7 dxe5, 7 Be3 and Petrosian System without 7...Nbd7} (12. h4 cxd5 13. cxd5 Rc8 14. g5 Nh5 15. Bxc5 Rxc5 16. Bxh5 gxh5 17. Qxh5 b5 18. a4 bxa4 19. Qd1 Qc7 20. Nxa4 {0-1 (45) Grischuk,A (2751)-Naiditsch,A (2686) Novi Sad 2016}) 12... Ne8 13. h4 f5 14. f3 {LiveBook: 5 Games. White is slightly better.} Qb8 $146 (14... a4 $11 {remains equal.}) (14... h5 15. gxh6 Bf6 16. Bf2 f4 17. Qc2 Kh7 18. O-O-O Na6 19. Rdg1 c5 {1-0 (45) Korchmar,V (2409)-Bogdanov,E (2333) Khanty-Mansiysk 2015}) 15. Nb3 b6 16. Nxc5 bxc5 17. Qd2 Rf7 18. O-O-O cxd5 19. Nxd5 Ra6 (19... f4 $14 20. Bf2 Bc6) 20. h5 $16 Be6 (20... f4 $16) 21. h6 (21. hxg6 $18 hxg6 22. exf5 Bxf5 23. Rh2) 21... Bf8 22. f4 fxe4 23. fxe5 dxe5 24. Qc3 Bd6 25. Rd2 Bxd5 26. cxd5 Rb6 27. Kb1 Rfb7 $2 (27... Rb4 $16 {keeps fighting.}) 28. Bc4 Rb4 $2 {[#]} (28... Rf7 {is a better defense.} 29. Rf1 (29. Qxa5 $2 Rb4 30. Ba6 Ra7 31. Bxc5 Bxc5 32. Qxc5 Rxa6 $19) 29... Rxf1+ 30. Bxf1 Rb4) 29. Rf1 $1 $18 Rf7 30. Rxf7 Kxf7 31. Rf2+ Ke7 32. a3 Rb7 33. Qxa5 Qc7 34. Qe1 Qd7 35. Ka2 Qa4 36. b3 Qa8 37. Qf1 {Strongly threatening Ba6.} Ra7 (37... Kd8 $142 38. a4 Qa5) 38. Rf7+ Kd8 39. a4 Re7 40. Rf8 Rb7 41. Qf6+ Be7 {[#]} 42. Rxe8+ $1 {[%mdl 512]} Kxe8 43. Qh8+ Bf8 44. Bxc5 Rf7 45. Bb5+ Kd8 46. Bxf8 {Precision: White = 75%, Black = 34%.} 1-0

[Event "BL 2016-17"]
[Site "Berlin"]
[Date "2017.04.30"]
[Round "14"]
[White "Tregubov, Pavel V"]
[Black "Horvath, Jozsef"]
[Result "1-0"]
[WhiteElo "2579"]
[BlackElo "2533"]
[Annotator "TA"]
[PlyCount "103"]
[EventDate "2017.??.??"]
[EventType "team-tourn"]
[EventCountry "GER"]
[SourceTitle "playchess.com"]
[Source "ChessBase"]
[SourceQuality "1"]
[WhiteTeam "Mülheim Nord"]
[BlackTeam "Speyer-Schwegenheim"]

{[%evp 18,103,34,27,26,29,18,15,35,26,22,12,43,44,45,45,35,34,32,47,49,49,103,96,81,90,88,86,85,93,83,68,70,73,65,37,45,45,75,74,93,93,93,93,65,8,8,8,8,8,8,7,8,0,16,16,67,67,67,67,67,71,172,169,154,150,162,162,183,154,137,137,257,231,249,189,389,389,423,389,389,389,452,410,6828,6319,11311,10479]} 1. d4 Nf6 2. c4 e6 3. Nc3 Bb4 4. e3 b6 5. Nge2 Ba6 6. a3 Bxc3+ 7. Nxc3 d5 8. b3 O-O 9. Be2 Nc6 10. O-O Na5 {E45: Nimzo-Indian: Rubinstein: 4...b6 5 Ne2 Ba6} 11. cxd5 (11. Rb1 Qc8 12. cxd5 exd5 13. b4 Bxe2 14. Qxe2 Nb7 15. b5 a6 16. a4 axb5 17. Qxb5 Qe6 18. Ba3 {½-½ (41) Lenic,L (2637)-Shengelia,D (2529) Austria 2013}) 11... Bxe2 $1 (11... Nxd5 $2 12. Bxa6 Nxc3 13. Qc2 $18) 12. Nxe2 exd5 {The position is equal.} 13. Bd2 Nb7 14. Qc2 Qd7 $146 (14... c5 15. dxc5 bxc5 16. Rfd1 Qb6 17. Bc3 Rfd8 18. Qb2 {0-1 (41) Meskanen,V-Tolonen,L (2335) Jyvaskyla 1996}) 15. Rac1 Rfc8 16. Qc6 Qxc6 17. Rxc6 Nd8 18. Rc2 Ne6 19. Rfc1 Kf8 (19... c5 $14) 20. Nf4 $1 $16 Nxf4 21. exf4 a5 22. Rxc7 Rxc7 23. Rxc7 {[%mdl 4096] Endgame KRB-KRN} Ne4 24. Be1 Nd6 25. a4 Ke8 26. f3 Kd8 27. Rc2 (27. Rc3 $5 {feels hotter.} Kd7 28. Kf2 Re8 29. h3 h5 30. g3) 27... Rc8 28. Bh4+ f6 29. Rxc8+ Kxc8 {KB-KN} 30. g4 b5 31. axb5 (31. f5 $14) 31... Nxb5 $11 32. Bf2 Na3 33. Kf1 Nc2 34. Ke2 Na1 $1 35. b4 axb4 {aiming for ...b3.} 36. Kd3 Nb3 ({Black should try} 36... f5 $11) 37. Be1 $14 Nc1+ 38. Kd2 $1 {[%cal Rd2c1]} Nb3+ $1 39. Ke3 Na1 (39... f5 $16) 40. Kd3 $18 b3 {[#] And now ...b2 would win.} 41. Kc3 $1 Nc2 42. Bf2 Nb4 {White must now prevent ...b2!} 43. Kxb3 Nd3 {[#]} 44. Bg3 $1 f5 (44... Kd7 $16 45. f5 Nc1+ 46. Kc2 Ne2) 45. Kc3 ({But not} 45. gxf5 $6 Kd7 46. Kc3 Nc1 $16) 45... Nc1 46. Kb4 Kd7 $2 (46... Nd3+ 47. Kb5 (47. Kc3 Nc1 48. gxf5 Kd7 $16) 47... g5) 47. Kc5 ({Weaker is} 47. gxf5 Kc6 48. Kc3 Kd7 $16) 47... g6 {intending ...Ke6.} 48. Kxd5 Nd3 49. Bh4 Nb4+ 50. Kc4 Nc2 (50... Nc6 $142 51. Be1 Nd8 52. gxf5 gxf5) 51. Bf2 Kd6 52. Kb3 1-0

[Event "BL 2016-17"]
[Site "Berlin"]
[Date "2017.04.30"]
[Round "14"]
[White "Michalik, Peter"]
[Black "Moiseenko, Alexander"]
[Result "1/2-1/2"]
[WhiteElo "2564"]
[BlackElo "2670"]
[Annotator "TA"]
[PlyCount "98"]
[EventDate "2017.??.??"]
[EventType "team-tourn"]
[EventCountry "GER"]
[SourceTitle "playchess.com"]
[Source "ChessBase"]
[SourceQuality "1"]
[WhiteTeam "Schwäbisch Hall"]
[BlackTeam "Hockenheim"]

{[%evp 13,98,1,3,0,0,0,0,0,0,0,1,-2,7,0,8,4,0,1,54,54,50,33,60,54,32,35,53,22,60,8,32,25,45,0,41,1,24,13,52,47,47,0,30,29,54,52,45,52,108,0,100,70,145,97,155,137,112,97,141,151,130,50,77,64,113,83,94,93,173,107,107,102,109,109,152,148,116,118,243,0,0,0,0,0,0,0,0]} 1. d4 Nf6 2. c4 e6 3. Nc3 Bb4 4. Qc2 O-O 5. Nf3 d6 6. Bd2 b6 {E32: Nimzo-Indian: Classical (4 Qc2): 4...0-0} (6... Nbd7 7. a3 Bxc3 8. Bxc3 Qe7 9. e3 b6 10. Bd3 e5 11. dxe5 dxe5 12. Nd2 Nc5 13. Be2 Bb7 14. O-O Nfe4 15. b4 Nxc3 16. Qxc3 Nd7 {½-½ (55) Lenic,L (2641)-Carlsen,M (2840) chess.com INT 2017}) 7. e3 Bb7 {LiveBook: 7 Games} 8. Be2 Bxc3 9. Bxc3 Ne4 10. O-O Nxc3 11. Qxc3 Nd7 12. Rfd1 Nf6 13. Nd2 $146 (13. b4 Qe7 14. Nd2 c5 15. bxc5 dxc5 {½-½ (31) Moser,W (2027)-Siebert,J (1904) Bayern 2004}) 13... Qe7 14. c5 bxc5 15. dxc5 Ne4 (15... a5 $11) 16. Nxe4 $14 Bxe4 17. f3 Bg6 18. cxd6 cxd6 19. Rac1 Rfd8 20. Qa3 Qb7 21. Rd4 (21. b4 $14) 21... d5 22. Ba6 Qd7 23. Rb4 {[%cal Bd4b4,Bb4b7,Bb7c7][%mdl 32]} e5 24. Rb7 Qf5 25. Rbc7 {And now Bb7 would win.} d4 26. e4 $36 {[%mdl 2048] White fights for an advantage.} Qg5 27. Qd3 h5 28. R1c2 Rd6 29. Bc4 a5 30. Qd2 Qd8 ({Black should try} 30... Qe3+ $14 31. Qf2 (31. Qxe3 dxe3 32. Kf1 Rad8 $14) 31... Qg5) 31. Bd3 (31. Rc5 $16) 31... h4 (31... a4 $11) 32. R7c5 f6 (32... Qf6 $1 $14) 33. Qc1 {Threatens to win with Rc8.} Qb6 ({Better is} 33... Qe8) 34. Rb5 Qd8 35. f4 Qe7 36. Rc7 Rd7 37. Rxd7 (37. Rcc5 $1 $16) 37... Qxd7 38. fxe5 fxe5 39. Qg5 Bf7 40. h3 Re8 (40... Qc6 $16) 41. Rxe5 (41. Rxa5 $18 Qc6 42. a4 (42. Rxe5 Rxe5 43. Qxe5 Qc1+ 44. Kh2 Qe3 $14)) 41... Rxe5 $16 42. Qxe5 Qa4 {[#]} 43. Kh2 $1 Qb4 {[#]} 44. a3 $1 {[%cal Ra3b4]} Qxb2 45. Qxa5 Qf2 (45... Qc3 $16 {keeps fighting.} 46. Qd8+ Kh7) 46. Qa8+ $2 (46. Qd8+ $18 Kh7 47. Qg5) 46... Kh7 $11 {Strongly threatening ...Qg3+.The position is equal.} 47. e5+ Bg6 48. Bxg6+ Kxg6 49. Qe8+ Kh7 {Precision: White = 63%, Black = 55%.} 1/2-1/2

[Event "BL 2016-17"]
[Site "Berlin"]
[Date "2017.04.30"]
[Round "14"]
[White "Ruck, Robert"]
[Black "Zelbel, Patrick"]
[Result "1/2-1/2"]
[WhiteElo "2557"]
[BlackElo "2446"]
[Annotator "TA"]
[PlyCount "258"]
[EventDate "2017.??.??"]
[EventType "team-tourn"]
[EventCountry "GER"]
[SourceTitle "playchess.com"]
[Source "ChessBase"]
[SourceQuality "1"]
[WhiteTeam "Speyer-Schwegenheim"]
[BlackTeam "Mülheim Nord"]

{[%evp 16,258,-11,-5,0,0,0,0,-11,0,0,0,0,-1,16,-3,3,0,0,0,7,0,0,0,5,0,1,5,5,6,9,5,15,13,154,165,290,302,293,287,306,306,306,297,656,647,588,175,175,177,175,179,165,159,179,176,179,179,179,179,179,179,179,179,179,177,177,177,177,177,237,237,317,306,492,420,750,729,767,767,697,688,767,767,760,760,656,325,543,503,233,58,542,512,767,767,767,760,760,760,760,752,752,752,738,636,787,787,780,772,758,741,735,728,710,688,688,688,688,688,681,673,673,666,673,673,659,644,639,409,377,8,8,8,8,8,8,8,8,0,0,0,0,0,0,0,0,0,0,0,0,0,0,0,0,0,0,0,0,0,0,0,0,0,0,0,0,0,0,0,0,0,0,0,0,0,0,0,0,0,8,0,8,8,8,8,8,0,0,0,0,0,8,0,0,0,8,8,8,8,8,0,8,8,8,8,8,8,8,0,0,0,0,0,0,0,0,0,0,0,0,0,0,0,0,0,0,0,8,0,0,0,0,0,0,0,0,0,0,0,0,0,8,8,8]} 1. Nf3 c5 2. g3 Nc6 3. Bg2 g6 4. c3 e5 {A04: Unusual lines after 1 Nf3 and King's Indian Attack} (4... Bg7 5. d4 cxd4 6. cxd4 d5 7. O-O e6 8. Nc3 Nge7 9. b3 O-O 10. e3 b6 11. Ba3 Ba6 12. Re1 Qd7 13. e4 Rfe8 14. Rc1 Rac8 15. e5 Bh6 16. Rc2 Nb8 17. h4 Rc7 {½-½ (48) Kramnik,V (2812)-Anand,V (2770) Leuven 2016}) 5. d4 cxd4 6. cxd4 e4 7. Ne5 d5 8. O-O Bg7 9. Nc3 {LiveBook: 9 Games} Nge7 10. Bg5 f6 11. Nxc6 bxc6 12. Bf4 h5 $146 (12... g5 13. Bd2 Nf5 14. e3 O-O 15. Qb3 Rf7 16. Rfc1 {1-0 (81) Cvorovic,D (2430)-Kovacevic,B (2467) Bol 2014}) 13. f3 exf3 14. Bxf3 Bh3 15. Re1 O-O 16. e4 dxe4 17. Nxe4 Nd5 $1 18. Bd6 Re8 19. Bc5 Qd7 20. Qc2 Qf5 21. Qf2 Bg4 22. Bg2 Qxf2+ 23. Nxf2 Bf5 24. Ne4 Bxe4 (24... Bf8 $11 {keeps the balance.}) 25. Bxe4 $16 (25. Rxe4 $6 a5 $11) 25... Kf7 (25... Reb8 $142 26. Bxg6 Rxb2 27. Bxh5 Bf8 28. Bxf8 Rxf8) 26. Bxd5+ $1 $18 cxd5 27. Rxe8 $1 Rxe8 28. Bxa7 {[%mdl 4096] Endgame KRB-KRB} Re2 29. a4 {[%cal Ba2a4,Ba4a5][%mdl 32]} Bh6 $2 ({But not} 29... Rxb2 30. a5 Rb7 31. Bc5 $18) (29... Bf8 30. a5 Rxb2) 30. a5 Be3+ 31. Kf1 $2 (31. Kh1) 31... Rf2+ 32. Ke1 {aiming for Ra3.} Rxh2 33. Ra3 Bd2+ 34. Kf1 {Strongly threatening a6.} Bb4 35. Ra2 Ke6 36. a6 Bd6 37. Bc5 Bb8 38. a7 Bxa7 39. Bxa7 {KRB-KR} Kf5 40. Bc5 g5 41. Be7 $1 Rd2 42. Ra6 Rxd4 (42... Kg4 {was called for.} 43. Bxf6 (43. Rxf6 Kxg3 44. Rf5 Rxd4 $18) 43... Kxg3 44. Bxg5 Rxd4) 43. Rxf6+ Kg4 44. Bd6 h4 $2 (44... Ra4 45. b4 Ra2) 45. gxh4 gxh4 (45... Kxh4 $142 46. Ke2 Re4+ 47. Kd2 Ra4) 46. b4 h3 47. Rg6+ Kf5 48. Rh6 Rd3 49. Ke2 Ra3 50. Rh4 Ke6 51. Bb8 (51. Bc5 $142 Rc3 52. Kf2) 51... Kd7 $2 (51... Rc3 {is a better defense.} 52. Rh6+ Kf5 53. Rh5+ Ke4) 52. Kf2 Kc6 53. Kg1 $2 (53. Be5 $18) 53... Kb5 $2 {[%mdl 8192] [#]} ({Black should play} 53... Rd3 $1 $14) 54. Rd4 $1 Ra2 55. Bd6 Kc6 56. Bc5 Rg2+ 57. Kh1 Rc2 58. Rh4 Rc3 59. Kh2 ({Weaker is} 59. Rh6+ Kb5 60. Rh4 Rd3 $18) 59... Kb5 60. Rxh3 d4 {[#] intending ...Rxh3+.} 61. Rh4 $1 {[%cal Rh4d4]} Rd3 62. Kg2 Kc4 63. Kf2 Kc3 64. Ke2 Re3+ 65. Kd1 Rd3+ 66. Kc1 Kc4 67. Re4 Kc3 68. Rg4 Kc4 69. Rg2 Kb3 70. Rd2 Rc3+ 71. Kd1 d3 72. Ke1 Kc4 73. Rf2 $2 (73. Bd6 $18) 73... Rc1+ $11 {The position is equal.} 74. Kd2 Rc2+ 75. Ke3 {Rxc2+ is the strong threat.} Kc3 {White must now prevent ...Rxf2.} 76. Bd4+ Kxb4 77. Rf4 d2 78. Ke2 (78. Bh8+ $5 {looks sharper.} Kb5 79. Ke2 Rc1 80. Rf5+ Kb4 81. Kxd2 Rc6 82. Ba1) 78... d1=Q+ 79. Kxd1 Rg2 (79... Ra2 $5 {feels hotter.} 80. Rf3 Rg2 81. Re3 Ra2 82. Be5 Kb5) 80. Bf2+ Kb5 81. Kd2 Kc6 82. Kd3 Kd5 83. Be3 Ra2 84. Rf5+ Ke6 85. Rb5 Ra4 86. Bd4 Ra2 87. Ke4 Re2+ 88. Be3 Kd6 89. Rb6+ Kc7 90. Rg6 Re1 91. Kd4 Kd7 92. Bf4 Rd1+ 93. Kc5 Ke7 94. Be5 Kf7 95. Rh6 Ke7 96. Bd4 Rd2 97. Kd5 Rd1 98. Rh7+ Kd8 99. Ke5 Kc8 100. Bc5 Rd7 101. Rh6 Kb7 102. Rb6+ (102. Bg1 $5 {seems wilder.} Rc7 103. Kf6 Rc6+ 104. Kg7 Rc7+ 105. Kg8) 102... Kc7 103. Ra6 Kb7 104. Ra1 Kc6 105. Bd6 Rh7 106. Rc1+ Kb5 107. Kd5 Rh5+ 108. Be5 Kb4 109. Rb1+ Ka5 110. Kd4 Ka6 111. Bd6 Rb5 112. Rh1 Kb6 113. Rh6 Rb1 114. Be5+ Kb7 115. Kc5 Rc1+ 116. Kd5 Rd1+ 117. Bd4 Kc7 118. Rh7+ Kd8 119. Rg7 Rd2 120. Kc5 Ke8 (120... Rd1 $5 {is interesting.} 121. Be3 Ra1 122. Rb7 Ke8 123. Rb5 Ra4) 121. Be5 Rd7 122. Rg1 Ke7 123. Rh1 Ke6 124. Bd6 Ra7 125. Re1+ Kf5 126. Rf1+ Ke4 127. Re1+ Kf5 128. Re7 Rxe7 129. Bxe7 Ke5 1/2-1/2

[Event "BL 2016-17"]
[Site "Berlin"]
[Date "2017.04.30"]
[Round "14"]
[White "Nijboer, Friso"]
[Black "Johansson, Linus"]
[Result "1/2-1/2"]
[WhiteElo "2535"]
[BlackElo "2428"]
[Annotator "TA"]
[PlyCount "97"]
[EventDate "2017.??.??"]
[EventType "team-tourn"]
[EventCountry "GER"]
[SourceTitle "playchess.com"]
[Source "ChessBase"]
[SourceQuality "1"]
[WhiteTeam "Aufwärts Aachen"]
[BlackTeam "Bayern München"]

{[%evp 25,97,17,25,33,30,29,36,32,31,39,37,40,30,6,53,52,70,38,115,49,112,102,150,163,130,144,133,164,143,151,153,38,87,56,56,58,57,59,76,61,75,68,122,128,139,58,67,93,178,166,166,166,166,166,161,161,224,224,224,14,28,29,29,29,30,0,0,0,0,0,0,0,0,0]} 1. e4 e6 2. d4 d5 3. Nc3 Nf6 4. Bg5 dxe4 5. Nxe4 Nbd7 6. Nf3 h6 7. Nxf6+ Nxf6 8. Be3 Nd5 9. Bd2 {C10: French with 3 Nc3: Unusual Black 3rd moves and 3...dxe4} c5 10. Bb5+ Bd7 11. Bxd7+ Qxd7 12. c4 Nb6 13. Rc1 Be7 {LiveBook: 19 Games} ({Much worse is} 13... cxd4 $6 14. c5 $16) 14. dxc5 Bxc5 15. b4 Be7 16. c5 Nd5 {[#]} 17. Ne5 $146 {[%cal Bf3e5,Be5d3,Bd3f4,Bf4d5][%mdl 32]} Qc7 18. Qa4+ Kf8 19. Nd3 h5 20. O-O h4 21. h3 g6 (21... Rh5 $14) 22. Rfe1 (22. b5 $1 $16) 22... Bf6 (22... Rh5 $14) 23. b5 $16 Kg7 24. Nf4 $1 Rad8 {[#]} 25. Rxe6 $1 {[%mdl 512] Threatens to win with Qe4.} g5 {[%cal Rd5f4]} (25... fxe6 26. Nxe6+) 26. Nxd5 $1 Rxd5 27. Rxf6 $1 {Hoping for Bc3.} Rxd2 28. b6 ({Better is} 28. Rf3 $16) 28... Qe5 29. Rf3 axb6 30. Qb3 Rd7 31. cxb6 Rhd8 32. g4 hxg3 $1 33. Rxg3 ({Reject} 33. fxg3 f6 $11) 33... Qf4 (33... Rd2 $14) 34. Rc4 $36 {[%mdl 2048] White is on the roll.} Qf5 35. Rxg5+ (35. Qc3+ $1 $16 Kh7 36. Rh4+ $1 {[%mdl 512]} Kg6 37. Rxg5+ Qxg5+ 38. Rg4) 35... Qxg5+ $14 36. Rg4 {[#]} Qg6 $1 {[%mdl 512]} (36... Qxg4+ $1 $16 {[%mdl 512] was worth a try.} 37. hxg4 Rd4) 37. a4 (37. Rxg6+ fxg6) 37... Qxg4+ 38. hxg4 $18 {[%mdl 4096] Endgame KQ-KRR} Rd4 39. Qc3 Kg8 40. Qc7 R8d7 (40... Rxg4+ {was called for.} 41. Kf1 Re8 42. Qxb7 Rxa4) 41. Qc8+ Rd8 42. Qf5 $2 (42. Qxb7 $18 Rxa4 43. Kh2) 42... Ra8 43. Qg5+ Kh7 44. a5 {Strongly threatening Qe7.} Ra4 $1 45. f4 {And now Qe7 would win.} R8xa5 {The position is equal.} 46. f5 Rb5 47. Qh4+ Kg7 48. Qg5+ Kh7 49. Qh4+ {Precision: White = 58%, Black = 62%.} 1/2-1/2

[Event "BL 2016-17"]
[Site "Berlin"]
[Date "2017.04.30"]
[Round "14"]
[White "Cyborowski, Lukasz"]
[Black "Schramm, Christian"]
[Result "1-0"]
[WhiteElo "2532"]
[BlackElo "2377"]
[Annotator "TA"]
[PlyCount "82"]
[EventDate "2017.??.??"]
[EventType "team-tourn"]
[EventCountry "GER"]
[SourceTitle "playchess.com"]
[Source "ChessBase"]
[SourceQuality "1"]
[WhiteTeam "SG Trier"]
[BlackTeam "Zugzwang München"]

{[%evp 13,82,9,12,4,4,4,4,3,0,4,22,15,20,17,17,17,17,9,12,12,7,10,48,54,85,85,91,88,85,92,115,117,187,180,181,172,178,131,209,193,201,206,213,193,249,247,547,550,550,533,633,605,700,670,2129,952,5787,5273,5265,1642,1589,1387,1263,1187,6094,6087,5239,5239,5277,5210,1440]} 1. c4 Nf6 2. Nc3 e6 3. e4 {[%cal Be2e4,Be4e5][%mdl 32]} d5 4. e5 Nfd7 5. d4 {[%cal Bd2d4,Bd4d5][%mdl 32]} dxc4 6. Bxc4 c5 7. Nf3 {A18: English Opening: Flohr-Mikenas System (1 c4 Nf6 2 Nc3 e6 3 e4)} ({Relevant:} 7. d5 Nxe5 8. Bb5+ Bd7 9. dxe6 fxe6 10. Qh5+ Nf7 11. Nf3 Bxb5 12. Nxb5 Qa5+ 13. Nc3 Qa6 14. Ng5 g6 15. Qf3 Nxg5 16. Bxg5 Bg7 17. O-O-O Bd4 18. Rxd4 cxd4 19. Qf6 {1-0 (19) Goganov,A (2597)-Sjodahl,P (2404) Stockholm 2015}) 7... Nc6 $1 {LiveBook: 3 Games} 8. d5 Ndxe5 9. Nxe5 {The position is equal.} Nxe5 10. Bb5+ Bd7 11. O-O {White wants to play dxe6.} a6 12. Bxd7+ Qxd7 13. Re1 $36 {[%mdl 2048] White fights for an advantage.} Ng6 $1 14. dxe6 $146 {[%csl Ge6][%cal Rd1d7]} ({Predecessor:} 14. f4 O-O-O 15. dxe6 Qxd1 16. Nxd1 fxe6 {0-1 (59) Markowski,P (2119)-Duda,J (1939) Polanica Zdroj 2008}) 14... Qxd1 {[%cal Rd1e1]} 15. exf7+ Kxf7 {[%cal Rd1e1]} 16. Rxd1 Be7 17. Be3 Rhd8 18. Na4 Rxd1+ 19. Rxd1 Rc8 20. Rd7 b5 21. Nxc5 $1 Ne5 22. Ra7 Nc4 {[#]} (22... Ng4 $16 {might work better.}) 23. Bg5 $1 $18 ({Much less strong is} 23. Nxa6 Nxe3 24. fxe3 Rc1+ 25. Kf2 Rc2+ 26. Kf3 Rxb2 $16) 23... Rxc5 24. Bxe7 {[%mdl 4096] Endgame KRB-KRN} Rd5 {[%cal Rd5d1]} 25. g3 Ke6 (25... Ke8 $16) 26. Bf8 g5 {[#]} 27. b3 $1 {[%cal Rb3c4]} ({Don't do} 27. Rxa6+ Kf7 $16) 27... Nd2 28. Rxa6+ Kf5 (28... Kf7 $142) 29. Kg2 h5 $2 (29... g4 {keeps fighting.} 30. Rd6 Rxd6 31. Bxd6 Nf3) 30. Rd6 {White is clearly winning.} Rxd6 31. Bxd6 {KB-KN} g4 32. Bb4 Nf3 33. a4 bxa4 34. bxa4 {[%cal Bb3a4,Ba4a5,Ba5a6][%mdl 32]} Ke6 35. h4 Ne5 36. Bc3 (36. a5 $142 Kd7 37. a6) 36... Nc4 37. Kf1 Kd5 38. Ke2 Ke4 39. a5 Nd6 40. a6 Nb5 41. Bb2 Kd5 1-0

[Event "BL 2016-17"]
[Site "Berlin"]
[Date "2017.04.30"]
[Round "14"]
[White "Handke, Florian"]
[Black "Naiditsch, Arkadij"]
[Result "0-1"]
[WhiteElo "2532"]
[BlackElo "2702"]
[Annotator "TA"]
[PlyCount "80"]
[EventDate "2017.??.??"]
[EventType "team-tourn"]
[EventCountry "GER"]
[SourceTitle "playchess.com"]
[Source "ChessBase"]
[SourceQuality "1"]
[WhiteTeam "Solingen"]
[BlackTeam "Baden-Baden"]

{[%evp 22,80,-12,-12,-8,-19,20,18,18,14,19,12,29,29,20,23,21,29,31,14,43,30,33,25,39,-20,-11,-51,233,231,224,210,197,191,438,446,416,417,405,56,58,-225,-215,-225,-219,-254,-241,-306,-254,-540,-536,-598,-522,-970,-952,-894,-760,-856,-847,-819,-789]} 1. e4 e6 2. d4 d5 3. Nc3 Nf6 4. e5 Nfd7 5. f4 c5 6. Nf3 a6 7. Be3 Qb6 8. Na4 Qa5+ 9. c3 cxd4 10. b4 Qc7 11. Bxd4 Nc6 {C11: French: Classical System: 4 e5 and 4 Bg5 dxe4} 12. Rc1 {LiveBook: 3 Games} (12. Be3 b5 13. Nb2 Ncxe5 14. fxe5 Qxc3+ 15. Qd2 Bxb4 16. Ke2 Bb7 17. a3 Qxd2+ 18. Bxd2 Bxd2 19. Kxd2 {1-0 (41) Zelcic,R (2554)-Mohr,G (2504) Graz 2009}) 12... b5 13. Nb2 Nb6 $146 {The position is equal.} (13... Be7 14. Bd3 Nxd4 15. Nxd4 Nb6 16. O-O O-O 17. Qg4 f5 18. Qh5 Bd7 19. Rf3 {0-1 (70) Tsiros,F (1712)-Ladopoulos,D (1872) Kallithea 2010}) 14. Bf2 Nc4 15. Nxc4 dxc4 16. Be2 Bb7 17. O-O Rd8 18. Qc2 Be7 19. a4 O-O 20. a5 {With the idea Bb6.} Rd5 21. Bb6 $36 {[%mdl 2048] White is more active.} Qc8 22. Nd2 Nb8 23. Ne4 (23. Rb1 $14) 23... Nd7 $1 $11 24. Bd4 Bxb4 $2 {[%mdl 8192]} (24... Rxd4 $1 $15 25. cxd4 Bxb4) 25. Ng5 $18 {[%csl Gg5][%cal Rc2h7]} g6 26. cxb4 {Qb2 is the strong threat.} Rxd4 27. Qc3 $1 {[%cal Rc3d4]} Rd5 $2 (27... h6 {might work better.}) 28. Qh3 $1 {[%csl Gg5][%cal Rh3h7]} h5 {[#]} 29. Bxh5 $1 {[%mdl 512]} Kg7 {[#] White must now prevent ...Rh8.} (29... gxh5 30. Qxh5) 30. Bf3 $2 (30. Bxg6 $1 $18 {[%csl Gg5,Gg6][%cal Rh3h7][%mdl 512]} Rh8 (30... fxg6 31. Qh7#) 31. Bh5) 30... Rh8 $14 31. Nxe6+ $2 {[%mdl 8192]} (31. Qg3 $14 {stays ahead.} Rd3 32. f5 exf5 33. e6) 31... fxe6 $19 32. Qxe6 Re8 33. Qg4 Rd2 {And now ...Nxe5! would win.} 34. Bxb7 Qxb7 35. Rc3 $2 (35. Rce1 {was worth a try.} c3 36. f5 Nxe5 37. f6+ Kf7 38. Qg3) 35... Qe4 {Black is clearly winning.} 36. Rg3 Rf8 37. h4 {[#]} Nxe5 $1 {[%mdl 512]} 38. Qg5 (38. fxe5 Rxf1+) 38... Nf7 ({Inferior is} 38... Nd3 39. f5 Qd4+ 40. Kh2 $11) 39. Qg4 Nh6 40. Qg5 Rd3 0-1